MARC details
| 000 -LEADER |
| fixed length control field |
02700cam a2200553 a 4500 |
| 001 - CONTROL NUMBER |
| control field |
ocm48958415 |
| 003 - CONTROL NUMBER IDENTIFIER |
| control field |
OCoLC |
| 005 - DATE AND TIME OF LATEST TRANSACTION |
| control field |
20171111144236.0 |
| 008 - FIXED-LENGTH DATA ELEMENTS--GENERAL INFORMATION |
| fixed length control field |
020201s2006 nju b 001 0 eng |
| 010 ## - LIBRARY OF CONGRESS CONTROL NUMBER |
| LC control number |
2002001569 |
| 016 7# - NATIONAL BIBLIOGRAPHIC AGENCY CONTROL NUMBER |
| Record control number |
006598197 |
| Source |
Uk |
| 020 ## - INTERNATIONAL STANDARD BOOK NUMBER |
| International Standard Book Number |
0865438811 |
| Qualifying information |
(hardback) |
| 020 ## - INTERNATIONAL STANDARD BOOK NUMBER |
| International Standard Book Number |
9780865438811 |
| Qualifying information |
(hardback) |
| 020 ## - INTERNATIONAL STANDARD BOOK NUMBER |
| International Standard Book Number |
086543882X |
| Qualifying information |
(pbk.) |
| 020 ## - INTERNATIONAL STANDARD BOOK NUMBER |
| International Standard Book Number |
9780865438828 |
| Qualifying information |
(pbk.) |
| 029 1# - (OCLC) |
| OCLC library identifier |
AU@ |
| System control number |
000023359591 |
| 029 1# - (OCLC) |
| OCLC library identifier |
HEBIS |
| System control number |
106927035 |
| 029 1# - (OCLC) |
| OCLC library identifier |
NZ1 |
| System control number |
6746447 |
| 029 1# - (OCLC) |
| OCLC library identifier |
YDXCP |
| System control number |
100243385 |
| 029 1# - (OCLC) |
| OCLC library identifier |
YDXCP |
| System control number |
1899213 |
| 035 ## - SYSTEM CONTROL NUMBER |
| System control number |
(OCoLC)48958415 |
| 040 ## - CATALOGING SOURCE |
| Original cataloging agency |
DLC |
| Language of cataloging |
eng |
| Transcribing agency |
DLC |
| Modifying agency |
BAKER |
| -- |
BTCTA |
| -- |
YDXCP |
| -- |
HEBIS |
| -- |
BDX |
| -- |
OCLCF |
| -- |
OCLCO |
| -- |
UKMGB |
| -- |
OCLCQ |
| -- |
OCL |
| -- |
UEJ |
| 043 ## - GEOGRAPHIC AREA CODE |
| Geographic area code |
f------ |
| -- |
f-tz--- |
| 049 ## - LOCAL HOLDINGS (OCLC) |
| Holding library |
TZAA |
| 050 00 - LIBRARY OF CONGRESS CALL NUMBER |
| Classification number |
DT448 |
| Item number |
.L44 |
| 082 00 - DEWEY DECIMAL CLASSIFICATION NUMBER |
| Classification number |
967.804/092 |
| Edition number |
21 |
| 100 ## - MAIN ENTRY--PERSONAL NAME |
| Personal name |
McDonald, David & Sahle, Eunice Njeri |
| Relator term |
Eds |
| 245 04 - TITLE STATEMENT |
| Title |
Legacies of Julius Nyerere : influences on development discourse and practice in Africa |
| Remainder of title |
influences on development discourse and practice in Africa / |
| Statement of responsibility, etc |
edited by David McDonald and Eunice Njeri Sahle. |
| 260 ## - PUBLICATION, DISTRIBUTION, ETC. (IMPRINT) |
| Place of publication, distribution, etc |
Trenton, NJ : |
| Name of publisher, distributor, etc |
Africa World Press, |
| Date of publication, distribution, etc |
2002. |
| 300 ## - PHYSICAL DESCRIPTION |
| Extent |
xiv, 145 pages ; |
| Dimensions |
23 cm |
| 504 ## - BIBLIOGRAPHY, ETC. NOTE |
| Bibliography, etc |
Includes bibliographical references and index. |
| 505 0# - FORMATTED CONTENTS NOTE |
| Formatted contents note |
The politics of self-reliance / by Ngugi wa Thiong'o -- Julius Nyerere and the theory and practice of (un)democratic socialism in Africa / by John S. Saul -- The challenge of development in Tanzania / by Julius E. Nyang'oro -- The ethical foundation of Julius Nyerere's legacy / by Cranford Pratt -- An economist's reflections on the legacies of Julius Nyerere / by Gerry Helleiner -- Julius Nyerere's critical education thought / by Eunice Njeri Sahle -- Inspiration for a new generation? / by David A. McDonald -- Defining socialism in Tanzania / by Julius K. Nyerere. |
| 600 10 - SUBJECT ADDED ENTRY--PERSONAL NAME |
| Personal name |
Nyerere, Julius K., |
| Dates associated with a name |
1922-1999 |
| General subdivision |
Influence. |
| 600 17 - SUBJECT ADDED ENTRY--PERSONAL NAME |
| Personal name |
Nyerere, Julius K., |
| Dates associated with a name |
1922-1999 |
| Source of heading or term |
fast |
| 600 17 - SUBJECT ADDED ENTRY--PERSONAL NAME |
| Personal name |
Nyerere, Julius K. |
| Source of heading or term |
swd |
| 648 #7 - SUBJECT ADDED ENTRY--CHRONOLOGICAL TERM |
| Chronological term |
Since 1960 |
| Source of heading or term |
fast |
| 650 #7 - SUBJECT ADDED ENTRY--TOPICAL TERM |
| Topical term or geographic name as entry element |
Influence (Literary, artistic, etc.) |
| Source of heading or term |
fast |
| 650 #7 - SUBJECT ADDED ENTRY--TOPICAL TERM |
| Topical term or geographic name as entry element |
Politics and government |
| Source of heading or term |
fast |
| 651 #0 - SUBJECT ADDED ENTRY--GEOGRAPHIC NAME |
| Geographic name |
Tanzania |
| General subdivision |
Politics and government |
| Chronological subdivision |
1964- |
| 651 #0 - SUBJECT ADDED ENTRY--GEOGRAPHIC NAME |
| Geographic name |
Africa |
| General subdivision |
Politics and government |
| Chronological subdivision |
1960- |
| 651 #7 - SUBJECT ADDED ENTRY--GEOGRAPHIC NAME |
| Geographic name |
Africa. |
| Source of heading or term |
fast |
| 651 #7 - SUBJECT ADDED ENTRY--GEOGRAPHIC NAME |
| Geographic name |
Tanzania. |
| Source of heading or term |
fast |
| 700 1# - ADDED ENTRY--PERSONAL NAME |
| Personal name |
McDonald, David A. |
| Fuller form of name |
(David Alexander) |
| 700 1# - ADDED ENTRY--PERSONAL NAME |
| Personal name |
Sahle, Eunice Njeri. |
| 776 08 - ADDITIONAL PHYSICAL FORM ENTRY |
| Display text |
Online version: |
| Title |
Legacies of Julius Nyerere. |
| Place, publisher, and date of publication |
Trenton, NJ : Africa World Press, 2002 |
| Record control number |
(OCoLC)606815944 |
| 856 41 - ELECTRONIC LOCATION AND ACCESS |
| Materials specified |
Table of contents |
| Uniform Resource Identifier |
<a href="http://catdir.loc.gov/catdir/toc/fy046/2002001569.html">http://catdir.loc.gov/catdir/toc/fy046/2002001569.html</a> |
| 856 41 - ELECTRONIC LOCATION AND ACCESS |
| Materials specified |
Table of contents |
| Uniform Resource Identifier |
<a href="http://www.loc.gov/catdir/toc/fy046/2002001569.html">http://www.loc.gov/catdir/toc/fy046/2002001569.html</a> |
| 942 ## - ADDED ENTRY ELEMENTS (KOHA) |
| Source of classification or shelving scheme |
Library of Congress Classification |
| Koha item type |
Books |